| 000 | 00393nam a2200145 a 4500 | ||
|---|---|---|---|
| 001 | 3759 | ||
| 003 | CDMR | ||
| 005 | 20130116135248.0 | ||
| 008 | 130130s1996||||||||||||||||||||||||||||d | ||
| 040 |
_aCDMR _bcat _cCPC LLEIDA |
||
| 100 | 1 |
_aReisz, Susana _92672 |
|
| 245 | 1 | 0 |
_aVoces sexuadas _bGénero y poesía en Hispanoamérica _cREISZ, Susana |
| 260 |
_aZaragoza _c1996 _bSerieAmérica |
||
| 942 | _cMON | ||
| 999 |
_c3759 _d3759 |
||